La epopeya de Moñi
Saved in:
| Main Author: | |
|---|---|
| Format: | Book |
| Language: | Spanish |
| Published: |
Santiago
Cruz del Sur
1942
|
| Series: | Colección de Autores Chilenos
|
| Subjects: | |
| Tags: |
Add Tag
No Tags, Be the first to tag this record!
|
MARC
| LEADER | 00000nam a2200000 a 4500 | ||
|---|---|---|---|
| 001 | UCY9719 | ||
| 003 | CL-VaPUC | ||
| 008 | 950720e19420000CL |||||||||||||||||spa|d | ||
| 082 | 0 | 4 | |a Ch863 |b LAT |2 21 |
| 100 | |a Latorre Court, Mariano |e author |9 611032 | ||
| 245 | 1 | 3 | |a La epopeya de Moñi |
| 246 | 1 | 0 | |a Sandías ribereñas |
| 300 | |a 111 p | ||
| 942 | |c BK | ||
| 945 | |d 19950720 00:00:00 |a rbrito | ||
| 260 | |a Santiago |b Cruz del Sur |c 1942 | ||
| 650 | 0 | |a Novelas chilenas |9 265425 | |
| 583 | |a last modification |c 19950720 00:00:00 |k Rodrigo Vera | ||
| 490 | 0 | |a Colección de Autores Chilenos | |
| 999 | |c 236761 |d 236759 | ||
| 952 | |0 0 |1 0 |4 0 |6 CH_863_000000000000000_LAT_1942 |7 0 |8 A |9 245084 |a BIBEDU |b BIBEDU |c ES_NOD |d 2019-11-18 |i 3103552 |o Ch863 LAT 1942 |p 3103552 |r 2023-08-09 |w 2019-11-18 |y BK |k LIT | ||